000
00316nam a2200121Ia 4500
008
190216s9999||||xx |||||||||||||| ||und||
100
_a
"Sasikumar V,Kiranmai Dutt P,Geetha Rajeevan"
245
0
_a
Course In Listening&Speaking I With C D
260
_b
Foundation
300
_a
158
650
_a
English
942
_c
BK
999
_c
14424
_d
14424